Low-Cost Urban Sanitation / (Record no. 4531)

MARC details
000 -LEADER
fixed length control field 01094nac a22002411u 4500
008 - FIXED-LENGTH DATA ELEMENTS--GENERAL INFORMATION
fixed length control field 100915t xxu||||| |||| 00| 0 eng d
010 ## - LIBRARY OF CONGRESS CONTROL NUMBER
LC control number 95042464
020 ## - INTERNATIONAL STANDARD BOOK NUMBER
International Standard Book Number 0471961639 (acid-free paper)
082 00 - DEWEY DECIMAL CLASSIFICATION NUMBER
Classification number 628.2091732
Item number MAR
100 ## - MAIN ENTRY--PERSONAL NAME
Personal name Mara, D. Duncan
9 (RLIN) 19279
245 10 - TITLE STATEMENT
Title Low-Cost Urban Sanitation /
Statement of responsibility, etc Duncan Mara.
260 ## - PUBLICATION, DISTRIBUTION, ETC. (IMPRINT)
Place of publication, distribution, etc Chichester ;
-- New York :
Name of publisher, distributor, etc John Wiley,
Date of publication, distribution, etc c1996.
300 ## - PHYSICAL DESCRIPTION
Extent xv, 223 p. :
Other physical details ill. ;
Dimensions 25 cm.
504 ## - BIBLIOGRAPHY, ETC. NOTE
Bibliography, etc Includes bibliographical references and index.
650 #0 - SUBJECT ADDED ENTRY--TOPICAL TERM
Topical term or geographic name as entry element Sewerage
Geographic subdivision Tropics.
9 (RLIN) 19280
650 #0 - SUBJECT ADDED ENTRY--TOPICAL TERM
Topical term or geographic name as entry element Sewerage
General subdivision Economic aspects
Geographic subdivision Tropics.
9 (RLIN) 19281
650 #0 - SUBJECT ADDED ENTRY--TOPICAL TERM
Topical term or geographic name as entry element Sewerage
General subdivision Social aspects
Geographic subdivision Tropics.
9 (RLIN) 19282
650 #0 - SUBJECT ADDED ENTRY--TOPICAL TERM
Topical term or geographic name as entry element Sanitation
Geographic subdivision Tropics.
9 (RLIN) 19283
856 42 - ELECTRONIC LOCATION AND ACCESS
Materials specified Publisher description
Uniform Resource Identifier <a href="http://www.loc.gov/catdir/description/wiley037/95042464.html">http://www.loc.gov/catdir/description/wiley037/95042464.html</a>
856 42 - ELECTRONIC LOCATION AND ACCESS
Materials specified Table of Contents
Uniform Resource Identifier <a href="http://www.loc.gov/catdir/toc/onix01/95042464.html">http://www.loc.gov/catdir/toc/onix01/95042464.html</a>
942 ## - ADDED ENTRY ELEMENTS (KOHA)
Item type Book - Borrowing
Call number prefix 628.2091732MAR
Source of classification or shelving scheme Dewey Decimal Classification
Holdings
Withdrawn status Item status Source of classification or shelving scheme Damaged status Not for loan Vendor Home library Current library Shelving location Date acquired Source of acquisition Total Checkouts Full call number Barcode Date last seen Koha item type
    Dewey Decimal Classification       Central Library Central Library First floor 15/09/2010     628.2091732 MAR 000005398 15/07/2025 Book - Borrowing